[Event "FIDE Zonal 2.5 Open 2019"]
[Site "Montevideo"]
[Date "2019.04.19"]
[Round "9.7"]
[White "Donoso Diaz, Sebastian"]
[Black "Tristan, Leonardo"]
[Result "0-1"]
[WhiteElo "2191"]
[BlackElo "2504"]
[Annotator "ChessBase"]
[PlyCount "60"]
[EventDate "2019.04.13"]
[EventType "swiss"]
[EventCountry "URU"]
[SourceTitle "playchess.com"]
[Source "ChessBase"]
[SourceQuality "1"]
[TimeControl "40/5400+30:1800+30"]

1. Nf3 {[%emt 0:05:10]} d5 {[%emt 0:00:00]} 2. d4 {[%emt 0:00:55]} Nf6 {[%emt 0:00:00]} 3. c4 {[%emt 0:00:27]} e6 {[%emt 0:00:00]} 4. g3 {[%emt 0:00:24]} Be7 {[%emt 0:00:00]} 5. Bg2 {[%emt 0:00:05]} O-O {[%emt 0:00:07]} 6. O-O {[%emt 0:00:09]} dxc4 {[%emt 0:00:05]} 7. Qc2 {[%emt 0:00:26]} a6 {[%emt 0:00:09]} 8. a4 {[%emt 0:00:15]} Bd7 {[%emt 0:02:11]} 9. Qxc4 {[%emt 0:00:45]} Bc6 {[%emt 0:00:06]} 10. Bg5 {[%emt 0:01:53]} a5 {[%emt 0:08:21]} 11. Nc3 {[%emt 0:10:46]} Ra6 {[%emt 0:05:30]} 12. Bxf6 {[%emt 0:29:20]} Bxf6 {[%emt 0:00:11]} 13. e4 {[%emt 0:01:13]} Rb6 {[%emt 0:04:17]} 14. Qe2 {[%emt 0:00:55]} Bxd4 {[%emt 0:08:17]} 15. Nb5 {[%emt 0:18:57]} Bc5 {[%emt 0:07:27]} 16. e5 {[%emt 0:06:03]} Qd7 {[%emt 0:10:03]} 17. Rfc1 {[%emt 0:04:53]} Na6 {[%emt 0:02:51]} 18. Rc2 {[%emt 0:00:58]} Be7 {[%emt 0:08:22]} 19. Rd1 {[%emt 0:06:42]} Bxb5 {[%emt 0:13:40]} 20. Rxd7 {[%emt 0:00:18]} Bxe2 {[%emt 0:00:04]} 21. Rxe2 {[%emt 0:00:08]} Rd8 {[%emt 0:00:14]} 22. Rxd8+ {[%emt 0:01:47]} Bxd8 {[%emt 0:00:04]} 23. Rc2 {[%emt 0:04:35]} c6 {[%emt 0:18:53]} 24. Nd2 {[%emt 0:01:22]} Nb4 {[%emt 0:00:04]} 25. Rc3 {[%emt 0:00:13]} Nd5 {[%emt 0:02:19]} 26. Rc2 {[%emt 0:00:50]} Rb4 {[%emt 0:01:28]} 27. b3 {[%emt 0:02:28]} Bc7 {[%emt 0:00:39]} 28. Rc5 {[%emt 0:00:24]} Rd4 {[%emt 0:01:27]} 29. Nc4 {[%emt 0:01:17]} Rd1+ {[%emt 0:00:07]} 30. Bf1 {[%emt 0:00:04]} Rc1 {[%emt 0:00:07]} 0-1

[Event "FIDE Zonal 2.5 Open 2019"]
[Site "Montevideo"]
[Date "2019.04.19"]
[Round "9.8"]
[White "Krysa, Leandro"]
[Black "Curi, Gabriel"]
[Result "1-0"]
[WhiteElo "2498"]
[BlackElo "2202"]
[Annotator "TA"]
[PlyCount "47"]
[EventDate "2019.04.13"]
[EventType "swiss"]
[EventCountry "URU"]
[SourceTitle "playchess.com"]
[Source "ChessBase"]
[SourceQuality "1"]

{[%evp 22,47,88,37,34,8,20,0,46,39,51,68,231,241,327,332,325,293,463,465,720,737,737,726,1977,1893,1773,1643]} 1. d4 d5 2. c4 c6 3. Nf3 Nf6 4. Nc3 e6 5. Bg5 dxc4 6. e4 b5 7. e5 h6 8. Bh4 g5 9. Nxg5 hxg5 10. Bxg5 Be7 11. exf6 Bxf6 12. Be3 (12. Bxf6 $16 Qxf6 13. g3) 12... Bb7 $14 {D44: Semi-Slav: Botvinnik System} 13. Be2 (13. a4 Nd7 14. axb5 cxb5 15. Nxb5 Nb6 16. Bf4 Kf8 17. Qd2 Bc6 18. Nd6 Rh4 19. Ra3 Nd5 20. Be5 {½-½ (34) Ding,L (2781)-Lu,S (2615) Taizhou 2015}) 13... Nd7 14. Qd2 $146 ({Predecessor:} 14. Bf3 Qc7 15. Qe2 O-O-O 16. h3 Nf8 17. Rd1 Ng6 18. Ne4 Be7 19. g3 Qa5+ 20. Kf1 {½-½ (57) Walther,R-Schlander,S (2136) Bayern 2000}) 14... Qc7 {The position is equal.} 15. Ne4 {And now Bf4 would win.} Be7 (15... Rxh2 $2 16. O-O-O $18) 16. Bf4 e5 $2 ({Black should try} 16... Qb6 $14) 17. dxe5 $18 {Hoping for Nf6+!} Nxe5 {[#]} 18. O-O-O $1 Rd8 {[#]} 19. Qe3 $1 f6 (19... Rd5 $142 20. Nc3 Rxd1+ 21. Rxd1 f6) 20. Bh6 {White threatens Bh5+ and mate.White is clearly winning.} Rd7 (20... Rd3 $142 21. Bxd3 cxd3) 21. Bg7 {[%mdl 64] Double Attack} Rxd1+ 22. Rxd1 ({Not} 22. Bxd1 Nd3+ 23. Kb1 Qe5 $14) 22... Rxh2 23. Nxf6+ Kf7 {[#]} 24. Ne8 $1 {[%mdl 512] Accuracy: White = 81%, Black = 35%.} 1-0

[Event "FIDE Zonal 2.5 Open 2019"]
[Site "Montevideo"]
[Date "2019.04.19"]
[Round "9.9"]
[White "Real De Azua, Ernesto"]
[Black "Lopez Azambuja, Nicolas"]
[Result "1/2-1/2"]
[WhiteElo "2474"]
[BlackElo "2328"]
[Annotator "ChessBase"]
[PlyCount "85"]
[EventDate "2019.04.13"]
[EventType "swiss"]
[EventCountry "URU"]
[SourceTitle "playchess.com"]
[Source "ChessBase"]
[SourceQuality "1"]
[TimeControl "40/5400+30:1800+30"]

1. d4 {[%emt 0:02:00]} Nf6 {[%emt 0:00:00]} 2. c4 {[%emt 0:00:06]} e6 {[%emt 0:00:00]} 3. Nc3 {[%emt 0:00:06]} Bb4 {[%emt 0:00:00]} 4. g3 {[%emt 0:00:03]} Bxc3+ {[%emt 0:01:04]} 5. bxc3 {[%emt 0:00:06]} d6 {[%emt 0:00:43]} 6. Bg2 {[%emt 0:00:13]} O-O {[%emt 0:01:30]} 7. Nf3 {[%emt 0:01:30]} Nc6 {[%emt 0:01:11]} 8. O-O {[%emt 0:00:14]} e5 {[%emt 0:01:15]} 9. dxe5 {[%emt 0:04:14]} Nxe5 {[%emt 0:16:11]} 10. Nxe5 {[%emt 0:05:29]} dxe5 {[%emt 0:00:07]} 11. Qb3 {[%emt 0:00:03]} Re8 {[%emt 0:08:24]} 12. Rd1 {[%emt 0:14:18]} Qe7 {[%emt 0:02:00]} 13. h3 {[%emt 0:00:06]} Rb8 {[%emt 0:16:57]} 14. Qa4 {[%emt 0:09:52]} a6 {[%emt 0:04:05]} 15. Bg5 {[%emt 0:12:38]} Be6 {[%emt 0:06:02]} 16. Rab1 {[%emt 0:05:21]} c6 {[%emt 0:01:23]} 17. Qb4 {[%emt 0:13:49]} Qxb4 {[%emt 0:15:41]} 18. Rxb4 {[%emt 0:00:06]} a5 {[%emt 0:00:37]} 19. Ra4 {[%emt 0:00:40]} Ra8 {[%emt 0:02:28]} 20. Bxf6 {[%emt 0:07:21]} gxf6 {[%emt 0:00:09]} 21. c5 {[%emt 0:00:04]} f5 {[%emt 0:07:48]} 22. g4 {[%emt 0:06:30]} Kg7 {[%emt 0:03:09]} 23. Rd3 {[%emt 0:02:54]} fxg4 {[%emt 0:02:44]} 24. hxg4 {[%emt 0:00:07]} Red8 {[%emt 0:00:35]} 25. Be4 {[%emt 0:03:51]} Rxd3 {[%emt 0:01:29]} 26. Bxd3 {[%emt 0:01:41]} h6 {[%emt 0:01:25]} 27. f3 {[%emt 0:00:06]} Kf6 {[%emt 0:00:27]} 28. Kf2 {[%emt 0:00:04]} Kg5 {[%emt 0:00:55]} 29. Ke3 {[%emt 0:01:31]} Kf6 {[%emt 0:00:40]} 30. Ra3 {[%emt 0:01:17]} Bd5 {[%emt 0:01:28]} 31. c4 {[%emt 0:00:44]} Be6 {[%emt 0:00:03]} 32. Rb3 {[%emt 0:00:03]} Bc8 {[%emt 0:00:39]} 33. a4 {[%emt 0:03:07]} Rb8 {[%emt 0:01:09]} 34. Be4 {[%emt 0:01:43]} Bd7 {[%emt 0:00:04]} 35. Rb1 {[%emt 0:00:31]} Kg7 {[%emt 0:01:14]} 36. Kd2 {[%emt 0:02:28]} Rd8 {[%emt 0:01:29]} 37. Kc3 {[%emt 0:01:32]} Bc8 {[%emt 0:00:04]} 38. Rh1 {[%emt 0:00:35]} Be6 {[%emt 0:00:30]} 39. Bd3 {[%emt 0:00:44]} Bc8 {[%emt 0:00:45]} 40. Rh5 {[%emt 0:00:58]} f6 {[%emt 0:01:35]} 41. Rh1 {[%emt 0:30:07]} Be6 {[%emt 0:31:32]} 42. Rb1 {[%emt 0:00:00]} Bc8 {[%emt 0:00:00]} 43. Rh1 {[%emt 0:00:00]} 1/2-1/2

[Event "FIDE Zonal 2.5 Open 2019"]
[Site "Montevideo"]
[Date "2019.04.19"]
[Round "9.10"]
[White "Suarez, Pedro"]
[Black "Michailov, Matias"]
[Result "0-1"]
[WhiteElo "2019"]
[BlackElo "2264"]
[Annotator "NA"]
[PlyCount "74"]
[EventDate "2019.04.13"]
[EventType "swiss"]
[EventCountry "URU"]
[SourceTitle "playchess.com"]
[Source "ChessBase"]
[SourceQuality "1"]
[TimeControl "40/5400+30:1800+30"]

1. d4 {[%emt 0:00:00]} Nf6 {[%emt 0:02:52]} 2. Nf3 {[%emt 0:01:02]} g6 {[%emt 0:00:53]} 3. g3 {[%emt 0:00:31]} Bg7 {[%emt 0:00:11]} 4. Bg2 {[%emt 0:00:05]} O-O {[%emt 0:00:06]} 5. O-O {[%emt 0:00:04]} d6 {[%emt 0:01:14]} 6. c4 {[%emt 0:01:00]} Nc6 {[%emt 0:05:39]} 7. Nc3 {[%emt 0:02:07]} a6 {[%emt 0:00:07]} 8. e4 {[%emt 0:03:11]} Bg4 {[%emt 0:02:03]} 9. Be3 {[%emt 0:02:14]} Nd7 {[%emt 0:02:14]} 10. Ne2 {[%emt 0:03:47]} Na5 {[%emt 0:11:11]} 11. Rc1 {[%emt 0:06:29]} c5 {[%emt 0:01:02]} 12. h3 {[%emt 0:01:41]} Bxf3 {[%emt 0:00:19]} 13. Bxf3 {[%emt 0:00:02]} Nc6 {[%emt 0:11:49]} 14. Bg2 {[%emt 0:06:48]} Qc7 {[%emt 0:09:48]} 15. d5 {[%emt 0:04:57]} Na5 {[%emt 0:00:37]} 16. Qd2 {[%emt 0:00:32]} b5 {[%emt 0:01:46]} 17. cxb5 {[%emt 0:01:01]} axb5 {[%emt 0:00:06]} 18. b3 {[%emt 0:01:17]} Qb8 {[%emt 0:09:30]} 19. h4 {[%emt 0:01:33]} Ne5 {[%emt 0:02:38]} 20. Bg5 {[%emt 0:01:57]} c4 {[%emt 0:07:21]} 21. b4 {[%emt 0:02:39]} Nb7 {[%emt 0:00:13]} 22. Nd4 {[%emt 0:00:12]} Qe8 {[%emt 0:08:43]} 23. Rb1 {[%emt 0:03:07]} Ra3 {[%emt 0:03:05]} 24. Qe2 {[%emt 0:01:37]} Qd7 {[%emt 0:03:19]} 25. h5 {[%emt 0:02:08]} Rfa8 {[%emt 0:02:09]} 26. h6 {[%emt 0:01:49]} Rxa2 {[%emt 0:03:08]} 27. Qd1 {[%emt 0:00:56]} Bf6 {[%emt 0:01:26]} 28. Bxf6 {[%emt 0:01:21]} exf6 {[%emt 0:00:05]} 29. Kh2 {[%emt 0:00:55]} Ng4+ {[%emt 0:01:43]} 30. Kg1 {[%emt 0:00:02]} Nxh6 {[%emt 0:00:20]} 31. Qf3 {[%emt 0:00:24]} Kg7 {[%emt 0:00:31]} 32. Qf4 {[%emt 0:00:52]} R8a3 {[%emt 0:01:04]} 33. Qh4 {[%emt 0:05:09]} Rd3 {[%emt 0:01:03]} 34. Rbd1 {[%emt 0:02:36]} Rad2 {[%emt 0:02:46]} 35. Rxd2 {[%emt 0:00:02]} Rxd2 {[%emt 0:00:07]} 36. Nf3 {[%emt 0:01:30]} Rb2 {[%emt 0:00:51]} 37. Bh3 {[%emt 0:00:41]} Qe8 {[%emt 0:01:21]} 0-1

[Event "FIDE Zonal 2.5 Open 2019"]
[Site "Montevideo"]
[Date "2019.04.19"]
[Round "9.11"]
[White "Carbone, Diego"]
[Black "Belmes, Martin"]
[Result "1-0"]
[WhiteElo "2277"]
[BlackElo "2081"]
[Annotator "NA"]
[PlyCount "115"]
[EventDate "2019.04.13"]
[EventType "swiss"]
[EventCountry "URU"]
[SourceTitle "playchess.com"]
[Source "ChessBase"]
[SourceQuality "1"]
[TimeControl "40/5400+30:1800+30"]

1. d4 {[%emt 0:01:35]} e6 {[%emt 0:00:06]} 2. c4 {[%emt 0:01:33]} Nf6 {[%emt 0:00:11]} 3. g3 {[%emt 0:01:54]} d5 {[%emt 0:00:38]} 4. Nf3 {[%emt 0:00:29]} Bb4+ {[%emt 0:00:16]} 5. Bd2 {[%emt 0:00:07]} Be7 {[%emt 0:00:05]} 6. Bg2 O-O {[%emt 0:00:21]} 7. O-O {[%emt 0:00:27]} Nbd7 {[%emt 0:00:12]} 8. Qc2 {[%emt 0:00:21]} c6 {[%emt 0:00:20]} 9. Bf4 {[%emt 0:00:31]} b6 {[%emt 0:02:40]} 10. Rd1 {[%emt 0:01:34]} Bb7 {[%emt 0:00:14]} 11. Nbd2 {[%emt 0:02:08]} Nh5 {[%emt 0:06:23]} 12. Ne5 {[%emt 0:12:29]} Nxe5 {[%emt 0:04:14]} 13. dxe5 {[%emt 0:02:08]} f5 {[%emt 0:03:43]} 14. exf6 {[%emt 0:03:32]} Bxf6 {[%emt 0:00:49]} 15. Be3 {[%emt 0:01:43]} g6 {[%emt 0:01:07]} 16. g4 {[%emt 0:18:56]} Ng7 {[%emt 0:00:18]} 17. Ne4 {[%emt 0:00:26]} Be7 {[%emt 0:03:13]} 18. Bh6 {[%emt 0:15:24]} Qb8 {[%emt 0:10:01]} 19. Qc3 {[%emt 0:09:52]} Rf7 {[%emt 0:00:21]} 20. Ng5 {[%emt 0:02:01]} Bf6 {[%emt 0:02:11]} 21. Qe3 {[%emt 0:01:33]} d4 {[%emt 0:00:30]} 22. Qd2 {[%emt 0:11:03]} Bxg5 {[%emt 0:01:34]} 23. Qxg5 {[%emt 0:00:14]} c5 {[%emt 0:00:07]} 24. Bxb7 {[%emt 0:01:50]} Qxb7 {[%emt 0:00:04]} 25. Qe5 {[%emt 0:00:24]} Re8 {[%emt 0:01:00]} 26. b4 {[%emt 0:00:11]} Qe7 {[%emt 0:00:32]} 27. Bg5 {[%emt 0:00:34]} Qc7 {[%emt 0:00:39]} 28. Bf4 {[%emt 0:00:23]} Qc6 {[%emt 0:01:56]} 29. f3 {[%emt 0:01:07]} Rd8 {[%emt 0:03:25]} 30. b5 {[%emt 0:02:54]} Qb7 {[%emt 0:00:44]} 31. a4 {[%emt 0:00:07]} a5 {[%emt 0:02:27]} 32. Rd3 {[%emt 0:00:20]} Qc8 {[%emt 0:00:54]} 33. Qg5 {[%emt 0:00:56]} Re8 {[%emt 0:02:10]} 34. Be5 {[%emt 0:00:37]} Qd8 {[%emt 0:02:15]} 35. Qh6 {[%emt 0:00:27]} Qe7 {[%emt 0:03:34]} 36. Kg2 {[%emt 0:00:50]} Ref8 {[%emt 0:01:14]} 37. h4 {[%emt 0:00:41]} Re8 {[%emt 0:00:59]} 38. Rh1 {[%emt 0:02:16]} Ref8 {[%emt 0:00:19]} 39. Rh3 {[%emt 0:02:03]} Ne8 {[%emt 0:00:28]} 40. Rg3 {[%emt 0:01:30]} Ng7 {[%emt 0:02:00]} 41. Kf1 {[%emt 0:05:13]} Rc8 {[%emt 0:04:25]} 42. Ke1 {[%emt 0:00:45]} Rcf8 {[%emt 0:01:40]} 43. Kd1 {[%emt 0:01:12]} Ne8 {[%emt 0:01:19]} 44. Kc2 {[%emt 0:01:04]} Ng7 {[%emt 0:01:00]} 45. Kb3 {[%emt 0:00:05]} Ne8 {[%emt 0:02:32]} 46. Rh3 {[%emt 0:07:11]} Ng7 {[%emt 0:00:27]} 47. f4 {[%emt 0:00:42]} Ne8 {[%emt 0:07:01]} 48. h5 {[%emt 0:02:47]} g5 {[%emt 0:00:15]} 49. fxg5 {[%emt 0:00:29]} Rf1 {[%emt 0:00:16]} 50. g6 {[%emt 0:01:11]} Rb1+ {[%emt 0:00:25]} 51. Ka2 {[%emt 0:00:29]} Rff1 {[%emt 0:00:04]} 52. gxh7+ {[%emt 0:03:45]} Qxh7 {[%emt 0:00:07]} 53. Qxe6+ {[%emt 0:00:10]} Qf7 {[%emt 0:00:43]} 54. Qxf7+ {[%emt 0:00:27]} Kxf7 {[%emt 0:00:04]} 55. Rdf3+ {[%emt 0:00:06]} Ke6 {[%emt 0:00:06]} 56. Rxf1 {[%emt 0:01:27]} Rxf1 {[%emt 0:00:04]} 57. h6 {[%emt 0:00:28]} Rf2 {[%emt 0:01:21]} 58. h7 {[%emt 0:01:12] Kd5} 1-0

[Event "FIDE Zonal 2.5 Open 2019"]
[Site "Montevideo"]
[Date "2019.04.19"]
[Round "9.13"]
[White "Adasme Fredes, Mauricio"]
[Black "Coppola, Claudio"]
[Result "1/2-1/2"]
[WhiteElo "2086"]
[BlackElo "2238"]
[Annotator "NA"]
[PlyCount "80"]
[EventDate "2019.04.13"]
[EventType "swiss"]
[EventCountry "URU"]
[SourceTitle "playchess.com"]
[Source "ChessBase"]
[SourceQuality "1"]
[TimeControl "40/5400+30:1800+30"]

1. d4 {[%emt 0:00:00]} Nf6 {[%emt 0:08:08]} 2. c4 {[%emt 0:00:00]} c5 {[%emt 0:00:10]} 3. d5 {[%emt 0:00:47]} b5 {[%emt 0:00:02]} 4. cxb5 {[%emt 0:00:08]} a6 {[%emt 0:00:02]} 5. bxa6 {[%emt 0:00:14]} g6 {[%emt 0:00:06]} 6. Nc3 {[%emt 0:00:10]} Bg7 {[%emt 0:00:18]} 7. e4 {[%emt 0:00:24]} O-O {[%emt 0:00:05]} 8. Nf3 {[%emt 0:00:10]} Qa5 {[%emt 0:00:35]} 9. Bd2 {[%emt 0:01:39]} Bxa6 {[%emt 0:01:35]} 10. Bxa6 {[%emt 0:00:10]} Qxa6 {[%emt 0:02:09]} 11. Qe2 {[%emt 0:00:08]} e6 {[%emt 0:02:31]} 12. Qxa6 {[%emt 0:01:54]} Nxa6 {[%emt 0:00:03]} 13. O-O {[%emt 0:02:31]} Rfb8 {[%emt 0:06:03]} 14. Rab1 {[%emt 0:05:56]} exd5 {[%emt 0:04:48]} 15. exd5 {[%emt 0:04:30]} Nb4 {[%emt 0:00:19]} 16. Bf4 {[%emt 0:03:50]} Rb6 {[%emt 0:05:07]} 17. Ne5 {[%emt 0:16:42]} Nxa2 {[%emt 0:07:20]} 18. Nxa2 {[%emt 0:15:14]} Rxa2 {[%emt 0:02:09]} 19. b3 {[%emt 0:02:36]} Rba6 {[%emt 0:11:45]} 20. Bg3 {[%emt 0:06:47]} Ra7 {[%emt 0:18:17]} 21. Nd3 {[%emt 0:08:29]} Ne4 {[%emt 0:03:25]} 22. Rfe1 {[%emt 0:03:11]} f5 {[%emt 0:00:54]} 23. Rbc1 {[%emt 0:08:22]} Bd4 {[%emt 0:01:30]} 24. b4 {[%emt 0:02:38]} Nxg3 {[%emt 0:06:04]} 25. hxg3 {[%emt 0:01:46]} cxb4 {[%emt 0:00:24]} 26. Rc4 {[%emt 0:03:20]} Bc3 {[%emt 0:00:50]} 27. Re7 {[%emt 0:00:15]} Ra8 {[%emt 0:06:14]} 28. Rxd7 {[%emt 0:02:10]} Rb8 {[%emt 0:00:48]} 29. Nc5 {[%emt 0:03:35]} Raa8 {[%emt 0:07:36]} 30. Nd3 {[%emt 0:06:35]} Ra1+ {[%emt 0:00:29]} 31. Kh2 {[%emt 0:00:02]} Rd1 {[%emt 0:00:05]} 32. Nc5 {[%emt 0:00:24]} Re8 {[%emt 0:02:16]} 33. Na4 {[%emt 0:00:48]} Bd2 {[%emt 0:01:59]} 34. f4 {[%emt 0:00:41]} Ra1 {[%emt 0:00:46]} 35. Rcc7 {[%emt 0:00:21]} Rxa4 {[%emt 0:00:37]} 36. Rg7+ {[%emt 0:00:10]} Kh8 {[%emt 0:00:07]} 37. Rxh7+ {[%emt 0:00:09]} Kg8 38. Rcg7+ {[%emt 0:00:47]} Kf8 {[%emt 0:00:04]} 39. Rf7+ {[%emt 0:00:09]} Kg8 {[%emt 0:00:00]} 40. Rfg7+ {[%emt 0:00:04]} Kf8 1/2-1/2

[Event "FIDE Zonal 2.5 Open 2019"]
[Site "Montevideo"]
[Date "2019.04.19"]
[Round "9.14"]
[White "Pichuaga, Juan Pablo"]
[Black "Kropff, Ricardo"]
[Result "1/2-1/2"]
[WhiteElo "2021"]
[BlackElo "2220"]
[Annotator "NA"]
[PlyCount "63"]
[EventDate "2019.04.13"]
[EventType "swiss"]
[EventCountry "URU"]
[SourceTitle "playchess.com"]
[Source "ChessBase"]
[SourceQuality "1"]
[TimeControl "40/5400+30:1800+30"]

1. d4 {[%emt 0:00:00]} Nf6 {[%emt 0:00:18]} 2. Nf3 {[%emt 0:00:00]} e6 {[%emt 0:00:32]} 3. Bf4 {[%emt 0:00:11]} c5 {[%emt 0:00:13]} 4. e3 {[%emt 0:01:53]} Be7 {[%emt 0:00:57]} 5. h3 {[%emt 0:01:41]} O-O {[%emt 0:00:17]} 6. Bd3 {[%emt 0:03:25]} b6 {[%emt 0:00:18]} 7. O-O {[%emt 0:00:24]} Bb7 {[%emt 0:00:10]} 8. Nbd2 {[%emt 0:00:45]} Nc6 {[%emt 0:00:43]} 9. c3 {[%emt 0:00:34]} cxd4 {[%emt 0:00:33]} 10. exd4 {[%emt 0:03:27]} Nd5 {[%emt 0:00:33]} 11. Bh2 {[%emt 0:02:25]} f5 {[%emt 0:00:35]} 12. Nc4 {[%emt 0:05:35]} Rc8 {[%emt 0:02:28]} 13. Ne3 {[%emt 0:22:39]} Nf6 {[%emt 0:03:23]} 14. d5 {[%emt 0:09:11]} Nxd5 {[%emt 0:04:21]} 15. Nxd5 {[%emt 0:07:22]} exd5 {[%emt 0:00:35]} 16. Bc2 {[%emt 0:00:50]} Na5 {[%emt 0:01:35]} 17. Nd4 {[%emt 0:01:22]} g6 {[%emt 0:01:35]} 18. Nb5 {[%emt 0:01:07]} a6 {[%emt 0:02:24]} 19. Nd6 {[%emt 0:01:25]} Bxd6 {[%emt 0:00:07]} 20. Bxd6 {[%emt 0:00:05]} Re8 {[%emt 0:00:26]} 21. Bb3 {[%emt 0:03:43]} Nxb3 {[%emt 0:01:31]} 22. axb3 {[%emt 0:00:44]} Qf6 {[%emt 0:00:49]} 23. Bf4 {[%emt 0:00:52]} d4 {[%emt 0:01:02]} 24. Qd2 {[%emt 0:12:10]} dxc3 {[%emt 0:07:40]} 25. bxc3 {[%emt 0:02:06]} Qxc3 {[%emt 0:00:36]} 26. Qxd7 {[%emt 0:00:37]} Qc6 {[%emt 0:01:25]} 27. Qxc6 {[%emt 0:00:18]} Rxc6 {[%emt 0:00:06]} 28. Rfe1 {[%emt 0:01:30]} Rxe1+ {[%emt 0:01:23]} 29. Rxe1 {[%emt 0:00:02]} Kf7 {[%emt 0:00:16]} 30. Bg5 {[%emt 0:01:17]} Rc7 {[%emt 0:04:26]} 31. Bd8 {[%emt 0:01:32]} Rd7 {[%emt 0:01:59]} 32. Bxb6 {[%emt 0:00:31]} 1/2-1/2

[Event "FIDE Zonal 2.5 Open 2019"]
[Site "Montevideo"]
[Date "2019.04.19"]
[Round "9.17"]
[White "Pinero, Ismael"]
[Black "Restuccia, Francisco"]
[Result "1/2-1/2"]
[WhiteElo "1872"]
[BlackElo "2100"]
[Annotator "NA"]
[PlyCount "26"]
[EventDate "2019.04.13"]
[EventType "swiss"]
[EventCountry "URU"]
[SourceTitle "playchess.com"]
[Source "ChessBase"]
[SourceQuality "1"]
[TimeControl "40/5400+30:1800+30"]

1. e4 {[%emt 0:00:00]} c5 {[%emt 0:01:10]} 2. Nf3 {[%emt 0:00:00]} d6 {[%emt 0:00:06]} 3. d4 {[%emt 0:00:00]} cxd4 {[%emt 0:00:06]} 4. Nxd4 {[%emt 0:00:00]} Nf6 {[%emt 0:00:09]} 5. Nc3 {[%emt 0:00:04]} a6 {[%emt 0:00:07]} 6. f3 {[%emt 0:00:13]} e5 {[%emt 0:01:21]} 7. Nb3 {[%emt 0:00:12]} Be7 {[%emt 0:00:21]} 8. Be3 {[%emt 0:00:04]} Be6 {[%emt 0:00:51]} 9. Qd2 {[%emt 0:00:12]} O-O {[%emt 0:00:23]} 10. O-O-O {[%emt 0:00:17]} a5 {[%emt 0:01:01]} 11. Bb5 {[%emt 0:00:39]} Na6 {[%emt 0:01:08]} 12. Kb1 {[%emt 0:03:36]} Nc7 {[%emt 0:11:25]} 13. Bb6 {[%emt 0:01:12]} Qb8 1/2-1/2